000
00250nam a22001097a 4500
082
_a
670 LIN
100
_a
LINDBERG,ROY A
_9
10249
245
_a
MATERIALS AND MANUFACTURING TECHNOLOGY
260
_a
BOSTON
_b
ALLYN
_c
1968
300
_a
657P
942
_c
BK
999
_c
580949
_d
580949